<?xml version="1.0" encoding="UTF-8"?>
<collection xmlns="http://www.loc.gov/MARC21/slim">
  <record>
    <leader>00000nam  2200000   4500</leader>
    <controlfield tag="001">INLIS000000000809982</controlfield>
    <controlfield tag="005">20251013101735</controlfield>
    <datafield tag="035" ind1="#" ind2="#">
      <subfield code="a">0010-0925000107</subfield>
    </datafield>
    <datafield tag="100" ind1="#" ind2="#">
      <subfield code="a">Nasa'i, Abi Abdur Rahman Ahmad bin Syu`aib</subfield>
    </datafield>
    <datafield tag="245" ind1="1" ind2="#">
      <subfield code="a">Sunan an-Nasa'i /</subfield>
      <subfield code="c">Abi Abdur Rahman Ahmad bin Syu`aib an Nasa'i;</subfield>
    </datafield>
    <datafield tag="260" ind1="#" ind2="#">
      <subfield code="a">Beirut : :</subfield>
      <subfield code="b">Muassasah Risalah Beirut,,</subfield>
      <subfield code="c">[s.a]</subfield>
    </datafield>
    <datafield tag="300" ind1="#" ind2="#">
      <subfield code="a">1.456 hlm. ;</subfield>
      <subfield code="c">24*17 cm.</subfield>
    </datafield>
    <controlfield tag="007">ta</controlfield>
    <controlfield tag="008">251013###########################0#ara##</controlfield>
    <datafield tag="082" ind1="#" ind2="#">
      <subfield code="a">202.24</subfield>
    </datafield>
    <datafield tag="084" ind1="#" ind2="#">
      <subfield code="a">R 202.24 NAS s</subfield>
    </datafield>
    <datafield tag="520" ind1="#" ind2="#">
      <subfield code="a">Disusun oleh Imam Abu ‘Abdurrahman Ahmad bin Syu‘aib an-Nasa’i (215–303 H). Termasuk salah satu dari Kutub al-Sittah. Kitab ini berisi kumpulan hadis yang disusun berdasarkan bab fiqh, dengan penekanan pada sanad yang kuat dan periwayatan yang teliti.</subfield>
    </datafield>
    <datafield tag="990" ind1="#" ind2="#">
      <subfield code="a">00000002061</subfield>
    </datafield>
  </record>
</collection>
